| 000 | 00340nam a22001217a 4500 | ||
|---|---|---|---|
| 020 | _a9781470162412 | ||
| 082 |
_a531.11 _bKUM |
||
| 100 | _aKumar, Krishna Dev | ||
| 245 |
_aFundamentals of Dynamics and Control of Space Systems / _cKrishna Dev Kumar |
||
| 260 |
_aCanada , _c2012. |
||
| 300 |
_a349p. ; _bPaperback |
||
| 942 |
_2ddc _cBK |
||
| 999 |
_c594280 _d594280 |
||